Marketingové inovácie ako konkurenciaschopnosť inovujúcich oproti neinovujúcim firmám v elektrotechnickom priemysle v SR

Podrobná bibliografia
Hlavný autor: Tretiak, Ondrej (Autor)
Médium: Článok
Jazyk:slovenčina

MARC

LEADER 00000nab a2200000 a 4500
001 vtls011131083
003 SK-MaSNL
005 20260303133521.0
008 230218|2012 xo |||||||||||||||||slo|
015 |a SNBRB 
035 |a (uuid)a3e75340-9e8d-4a67-bcd3-0107a3a56454 
035 |a (urnnbn)urn:nbn:sk:snk:ar-a09kyv 
035 |a urn:nbn:sk:snk-aba8sy 
040 |a SNKBUCL  |b slo  |c SNKBUCL  |e AACR2 
041 0 |a slo 
044 |a xo  |c SK 
100 1 |a Tretiak, Ondrej  |4 aut  |9 1152059 
245 1 0 |a Marketingové inovácie ako konkurenciaschopnosť inovujúcich oproti neinovujúcim firmám v elektrotechnickom priemysle v SR  |c Ondrej Tretiak 
246 3 |a Marketing innovations as competitiveness innovating in comparison with non-innovating firms in the electronics industry in SR 
773 0 |t Forum statisticum Slovacum  |g Roč. 8, č. 4 (2012), s. 243-247 
954 |a odborná, vedecká literatúra pôvodná (slovenská)  |2 lita 
958 |a OND 
958 |a EUIPO 
958 |a article13 
999 |c 1957521  |d 1959451